<?xml version="1.0" encoding="UTF-8"?>
<record
    xmlns:xsi="http://www.w3.org/2001/XMLSchema-instance"
    xsi:schemaLocation="http://www.loc.gov/MARC21/slim http://www.loc.gov/standards/marcxml/schema/MARC21slim.xsd"
    xmlns="http://www.loc.gov/MARC21/slim">

  <leader>02123cam a22002895a 4500</leader>
  <controlfield tag="001">18246258</controlfield>
  <controlfield tag="005">20150709113652.0</controlfield>
  <controlfield tag="008">140728t2015    paua   frf    001 0 eng d</controlfield>
  <datafield tag="020" ind1=" " ind2=" ">
    <subfield code="a">9781451193695 (paperback : alk. paper)</subfield>
  </datafield>
  <datafield tag="020" ind1=" " ind2=" ">
    <subfield code="a">1451193696</subfield>
  </datafield>
  <datafield tag="020" ind1=" " ind2=" ">
    <subfield code="a">9781451193695</subfield>
  </datafield>
  <datafield tag="040" ind1=" " ind2=" ">
    <subfield code="a">DNLM/DLC</subfield>
    <subfield code="b">eng</subfield>
    <subfield code="c">DLC</subfield>
    <subfield code="d">DLC</subfield>
    <subfield code="d">EG-ScBUE</subfield>
  </datafield>
  <datafield tag="082" ind1="0" ind2="4">
    <subfield code="a">616.075</subfield>
    <subfield code="b">JEN</subfield>
    <subfield code="2">22</subfield>
  </datafield>
  <datafield tag="100" ind1="1" ind2=" ">
    <subfield code="a">Jensen, Sharon,</subfield>
    <subfield code="d">1955-</subfield>
    <subfield code="9">38222</subfield>
  </datafield>
  <datafield tag="245" ind1="1" ind2="0">
    <subfield code="a">Pocket guide for nursing health assessment :</subfield>
    <subfield code="b">a best practice approach /</subfield>
    <subfield code="c">Sharon Jensen.</subfield>
  </datafield>
  <datafield tag="250" ind1=" " ind2=" ">
    <subfield code="a">2nd ed.</subfield>
  </datafield>
  <datafield tag="260" ind1=" " ind2=" ">
    <subfield code="a">Philadelphia :</subfield>
    <subfield code="b">Wolters Kluwer,</subfield>
    <subfield code="c">c.2015.</subfield>
  </datafield>
  <datafield tag="300" ind1=" " ind2=" ">
    <subfield code="a">vii, 646 p. :</subfield>
    <subfield code="b">ill. (col.) ;</subfield>
    <subfield code="c">19 cm.</subfield>
  </datafield>
  <datafield tag="500" ind1=" " ind2=" ">
    <subfield code="a">Index : p. 617-646.</subfield>
  </datafield>
  <datafield tag="500" ind1=" " ind2=" ">
    <subfield code="a">Supplement to : Nursing health assessment / Sharon Jensen. Second edition. [2015].</subfield>
  </datafield>
  <datafield tag="520" ind1=" " ind2=" ">
    <subfield code="a">"The second edition of the Pocket Guide was designed to work as a clinical handbook and up-to-date reference for nurses when interviewing patients of all age groups and cultural backgrounds, taking health histories, promoting health, and performing physical assessments. The content derives from and has been developed in conjunction with Jensen's Nursing Health Assessment: A Best Practice Approach and serves to both review the core content provided in the textbook as well as help students apply their foundational learning through reinforcement and streamlined presentation. The content focuses on key questions in the area of health promotion, reviewing important risk factors and outlining essential teaching points for risk assessment and intervention. It includes essential questions to review common and concerning signs and symptoms for each health assessment topic. The chapters review the key techniques of examination, outlining normal and unexpected findings. Finally, tables of findings provide a quick reference by which students can compare and contrast results to assist with eventual nursing and medical diagnoses"--Provided by publisher.</subfield>
  </datafield>
  <datafield tag="650" ind1="1" ind2="2">
    <subfield code="a">Nursing Assessment</subfield>
    <subfield code="v">Handbooks.</subfield>
    <subfield code="2">BUEsh</subfield>
  </datafield>
  <datafield tag="651" ind1=" " ind2=" ">
    <subfield code="2">BUEsh</subfield>
  </datafield>
  <datafield tag="653" ind1=" " ind2=" ">
    <subfield code="b">NNUR</subfield>
    <subfield code="c">July2015</subfield>
  </datafield>
  <datafield tag="655" ind1=" " ind2=" ">
    <subfield code="v">reading book</subfield>
    <subfield code="9">34232</subfield>
  </datafield>
  <datafield tag="942" ind1=" " ind2=" ">
    <subfield code="2">ddc</subfield>
    <subfield code="k">616.075 JEN</subfield>
  </datafield>
  <datafield tag="999" ind1=" " ind2=" ">
    <subfield code="c">20258</subfield>
    <subfield code="d">20230</subfield>
  </datafield>
  <datafield tag="952" ind1=" " ind2=" ">
    <subfield code="0">0</subfield>
    <subfield code="1">0</subfield>
    <subfield code="2">ddc</subfield>
    <subfield code="4">0</subfield>
    <subfield code="7">0</subfield>
    <subfield code="8">Baccah</subfield>
    <subfield code="a">MAIN</subfield>
    <subfield code="b">MAIN</subfield>
    <subfield code="c">0TH</subfield>
    <subfield code="d">2015-07-07</subfield>
    <subfield code="e">purchase</subfield>
    <subfield code="g">323.00</subfield>
    <subfield code="h">21764</subfield>
    <subfield code="l">0</subfield>
    <subfield code="o">616.075 JEN</subfield>
    <subfield code="p">000039133</subfield>
    <subfield code="r">2025-07-15 00:00:00</subfield>
    <subfield code="v">404.00</subfield>
    <subfield code="y">REFERENCE</subfield>
  </datafield>
  <datafield tag="952" ind1=" " ind2=" ">
    <subfield code="0">0</subfield>
    <subfield code="1">0</subfield>
    <subfield code="2">ddc</subfield>
    <subfield code="4">0</subfield>
    <subfield code="7">0</subfield>
    <subfield code="8">Baccah</subfield>
    <subfield code="a">MAIN</subfield>
    <subfield code="b">MAIN</subfield>
    <subfield code="c">0TH</subfield>
    <subfield code="d">2015-07-07</subfield>
    <subfield code="e">purchase</subfield>
    <subfield code="g">323.00</subfield>
    <subfield code="h">21764</subfield>
    <subfield code="l">0</subfield>
    <subfield code="o">616.075 JEN</subfield>
    <subfield code="p">000039134</subfield>
    <subfield code="r">2025-07-15 00:00:00</subfield>
    <subfield code="v">404.00</subfield>
    <subfield code="y">REFERENCE</subfield>
  </datafield>
</record>
